Catálogo
 En Linea

Bayrút 75. / (Registro nro. 42126)

Detalles MARC
000 -CABECERA
campo de control de longitud fija 00864nam a2200229 a 4500
001 - NÚMERO DE CONTROL
campo de control 000042637
005 - FECHA Y HORA DE LA ÚLTIMA TRANSACCIÓN
campo de control 20201002040306.0
008 - DATOS DE LONGITUD FIJA--INFORMACIÓN GENERAL
campo de control de longitud fija 140203s1999 sp 000 0 spa d
020 ## - NÚMERO INTERNACIONAL ESTÁNDAR DEL LIBRO
Número Internacional Estándar del Libro 8472328295
040 ## - FUENTE DE LA CATALOGACIÓN
Centro catalogador/agencia de origen DO-SdBNP
100 1# - ENTRADA PRINCIPAL--NOMBRE DE PERSONA
Nombre de persona Sammán, Ghada
9 (RLIN) 69902
240 10 - TÍTULO UNIFORME
Título uniforme Bayrùt 75
245 10 - MENCIÓN DE TÍTULO
Título Bayrút 75. /
Mención de responsabilidad, etc. Ghada Sammán; traducción, José Miguel Puerta Vílchez.
260 ## - PUBLICACIÓN, DISTRIBUCIÓN, ETC.
Lugar de publicación, distribución, etc. Madrid, :
Nombre del editor, distribuidor, etc. Agencia Española de Cooperación Internacional,
Fecha de publicación, distribución, etc. 1999.
490 1# - MENCIÓN DE SERIE
Mención de serie Autores Árabes Contemporáneos
Designación de volumen o secuencia 22
500 ## - NOTA GENERAL
Nota general Incluye notas a pie de páginas
500 ## - NOTA GENERAL
Nota general Incluye notas a pie de página
504 ## - NOTA DE BIBLIOGRAFÍA, ETC.
Nota de bibliografía, etc. Bibliografía p: 43-46
500 ## - NOTA GENERAL
Nota general La publicación de la versión española de esta novela ha sido expresamente autorizada por la autora
700 1# - PUNTO DE ACCESO ADICIONAL--NOMBRE DE PERSONA
Nombre de persona Puerta Vílchez, José Miguel
9 (RLIN) 69903
830 #0 - PUNTO DE ACCESO ADICIONAL DE SERIE-TÍTULO UNIFORME
Título uniforme Autores Árabes Contemporáneos
Designación de volumen o secuencia 22
9 (RLIN) 69904
Existencias
Estado de retiro Estado de pérdida Restricciones de uso No para préstamo Código de colección Localización permanente Ubicación/localización actual Ubicación en estantería Fecha de adquisición Número de inventario Total de préstamos Signatura topográfica completa Código de barras Fecha visto por última vez Precio válido a partir de Tipo de ítem Koha
      Excluido de préstamo Monografías: Libros y Folletos General General En catalogación 03.02.2014 LF1   42637-10 25.06.2020 25.06.2020 No se presta

Con tecnología Koha